000 00722nam a2200229 a 4500
008 951121s1989||||[C 0 slo c
020 _c30 Kčs.
_q(7000 výtl.)
040 _aSNK
_bslo
_cSNK
_eAACR2
041 1 _aslo
_hswe
044 _axo
_cSK
080 _a839.7-3(081)
100 1 _aLagerkvist, Pr
_4aut
245 1 0 _aKat a iné prózy
_cPr Lagerkvist ; Pär Lagerkvist, Helena Dobiášová, Rudolf Gedeon, Rudolf Gedeon
260 _aBratislava
_bSlovenský spisovateľ
_c1989
_eNitra
_fNitrianske tlačiarne
300 _c21 cm
490 0 _aVavrín
700 1 _aLagerkvist, Pär
_4aut
700 1 _aDobiášová, Helena
_4trl
700 1 _aGedeon, Rudolf
_4[ADC]
700 1 _aGedeon, Rudolf
_4oth
958 _aA
999 _c12135
_d12135